| 000 | 00463nam a22001817a 4500 | ||
|---|---|---|---|
| 005 | 20260211132046.0 | ||
| 008 | 260211b |||||||| |||| 00| 0 eng d | ||
| 020 |
_a9788119680351 _c2495.00 |
||
| 040 | _aMAIN | ||
| 041 | _aEnglish | ||
| 082 |
_a579 _bSIN |
||
| 100 |
_aSingh, Ranjit _926278 |
||
| 245 | _aMicrobiology And Plant Pathology | ||
| 260 |
_aNew Delhi _bAcademic Press _c2025 |
||
| 300 | _a480 | ||
| 650 |
_aBiological Science _914046 |
||
| 942 | _cBK | ||
| 999 |
_c60326 _d60326 |
||